00262nam a2200097 a 450000500170000000800410001705000180005824500400007665000090011665000390012520141022142006.0090305s19uu xx 00 eng d aVCDbD54 2007 aJourney to the center of the Earth. aVCD. aJourney to the Center of the Earth